Characters of Hatchet Quiz Stats

 Plays Quiz not verified by Sporcle

Challenge
Share
Tweet
Embed
Score 0/6 Timer 05:00
0 Plays Today
what they did % Correct
main character was in woods aloneBrian Robeson
94.6%
main characters best friendTerry
73.2%
main characters dadMr. Robeson
55.4%
Main characters momKatie Robeson
51.8%
pilotJake
44.6%
main characters science teacherMr. Peprich
26.8%

You're not logged in!

Compare scores with friends on all Sporcle quizzes.
OR
Log In

You Might Also Like...

Show Comments

Extras

Created Apr 10, 2012ReportNominate
Tags:character

Top Quizzes Today


Score Distribution

Your Account Isn't Verified!

In order to create a playlist on Sporcle, you need to verify the email address you used during registration. Go to your Sporcle Settings to finish the process.

Report this User

Report this user for behavior that violates our Community Guidelines.

Details: